| 000 | 00920cam a2200205 4500 | ||
|---|---|---|---|
| 001 | WB@3612-813 | ||
| 008 | 040707n2004 000 0 eng u | ||
| 035 | _a(Sirsi) u126726 | ||
| 245 | _aFarms continue to perform well in 2003 | ||
| 260 | _c2004 | ||
| 490 |
_aFPD Savills Research _vJune 2004 (6) |
||
| 520 | _aThe latest Investment Property Databank (IPD) "UK let land index" shows that tenanted land gave a strong total return of 21.4% for the year to December 2003. It also shows that 2003 was the third successive year in which let land returns was above 20%. The full report can be viewed, after registering, at: http://www.fpdsavills.co.uk/research.asp?content=% 5Cuber%5Fresearch%5C4686%2Ehtm&subcategory=none&co ntenttype=research&category=. | ||
| 590 | _aWB | ||
| 590 | _aWB | ||
| 650 | _aTENANTED LAND | ||
| 650 | _aFARMLAND | ||
| 650 | _aLET LAND INDEX | ||
| 690 | _aRURAL-MARKET | ||
| 942 | _n0 | ||
| 999 |
_c117663 _d117663 |
||